Black intellectual thought in education : the missing traditions of Anna Julia Cooper, Carter G. Woodson, and Alain Leroy Locke /

Bibliographic Details
Main Authors: Grant, Carl A. (Author), Brown, Keffrelyn D. (Author), Brown, Anthony Lamar (Author)
Format: Book
Language:English
Published: New York ; London : Routledge, 2016.
Subjects:

MARC

Tag First Indicator Second Indicator Subfields
LEADER 00000cam a2200000 i 4500
001 in00003606021
005 20170928105950.0
008 150522t20162016nyu b 001 0 eng
010 |a  2015014584 
020 |a 9780415641906  |q hardcover 
020 |a 041564190X  |q hardcover 
020 |a 9780415641913  |q paperback 
020 |a 0415641918  |q paperback 
020 |z 9780203081303  |q electronic book 
024 8 |a 40025427522 
035 |a (OCoLC)ocn912378730 
035 |a (OCoLC)912378730 
040 |a DLC  |b eng  |e rda  |c DLC  |d YDX  |d BTCTA  |d BDX  |d OCLCF  |d YDXCP  |d CDX  |d UtOrBLW 
042 |a pcc 
043 |a n-us--- 
049 |a TXAM 
050 0 0 |a LC2717  |b .G72 2016 
082 0 0 |a 371.829/96073  |2 23 
100 1 |a Grant, Carl A.,  |e author.  |0 http://id.loc.gov/authorities/names/n77011193 
245 1 0 |a Black intellectual thought in education :  |b the missing traditions of Anna Julia Cooper, Carter G. Woodson, and Alain Leroy Locke /  |c Carl A. Grant, Keffrelyn D. Brown, and Anthony L. Brown. 
264 1 |a New York ;  |a London :  |b Routledge,  |c 2016. 
264 4 |c ©2016 
300 |a xxiii, 185 pages ;  |c 23 cm 
336 |a text  |b txt  |2 rdacontent 
337 |a unmediated  |b n  |2 rdamedia 
338 |a volume  |b nc  |2 rdacarrier 
504 |a Includes bibliographical references and index. 
650 0 |a African Americans  |x Education.  |0 http://id.loc.gov/authorities/subjects/sh85001946 
650 0 |a African American intellectuals.  |0 http://id.loc.gov/authorities/subjects/sh91004343 
650 0 |a African American philosophy.  |0 http://id.loc.gov/authorities/subjects/sh85001880 
650 0 |a Education  |z United States  |x Philosophy.  |0 http://id.loc.gov/authorities/subjects/sh2008102665 
650 0 |a Multicultural education.  |0 http://id.loc.gov/authorities/subjects/sh85067223 
650 0 |a Education  |z United States  |x History.  |0 http://id.loc.gov/authorities/subjects/sh2008102822 
650 7 |a African American intellectuals.  |2 fast  |0 (OCoLC)fst00799204 
650 7 |a African American philosophy.  |2 fast  |0 (OCoLC)fst00799296 
650 7 |a African Americans  |x Education.  |2 fast  |0 (OCoLC)fst00799600 
650 7 |a Education.  |2 fast  |0 (OCoLC)fst00902499 
650 7 |a Education  |x Philosophy.  |2 fast  |0 (OCoLC)fst00902721 
650 7 |a Multicultural education.  |2 fast  |0 (OCoLC)fst01028816 
651 7 |a United States.  |2 fast  |0 (OCoLC)fst01204155 
655 7 |a History.  |2 fast  |0 (OCoLC)fst01411628 
700 1 |a Brown, Keffrelyn D.,  |e author.  |0 http://id.loc.gov/authorities/names/n2015032928 
700 1 |a Brown, Anthony Lamar,  |e author.  |0 http://id.loc.gov/authorities/names/n88661737 
938 |a Baker and Taylor  |b BTCP  |n BK0017289796 
938 |a Brodart  |b BROD  |n 113188447 
938 |a YBP Library Services  |b YANK  |n 7658111 
938 |a YBP Library Services  |b YANK  |n 7658112 
938 |a Coutts Information Services  |b COUT  |n 22249972 
947 |a A14842927049 
945 |a PromptCat  |b 420456 
946 |a stk 
994 |a 92  |b TXA 
948 |a Cataloged  |b h  |c 2015/12/10  |d c  |e AReeder 
999 f f |s 775ebe23-1a64-36f2-8c5c-09869eaf80e6  |i f3649a47-8924-35bc-b9f4-c7428bdee0db  |t 0 
952 f f |p normal  |a Texas A&M University  |b College Station  |c Sterling C. Evans Library  |d Evans: Library Stacks  |t 0  |e LC2717 .G72 2016  |h Library of Congress classification  |i unmediated -- volume  |m A14842927049 
998 f f |a LC2717 .G72 2016  |t 0  |l Evans: Library Stacks